Teoria Comunicacional do Direito Dil̀ogo entre Brasil e Espanha /

Bibliographic Details
Main Author: de Barros Carvalho, Paulo
Other Authors: Robles, Gregorio, De Britto, Lucas Galvô
Format: eBook
Language:Portuguese
Published: San Pablo: Editora Noeses, 2017
Subjects:
Online Access:Acceso restringido

MARC

LEADER 00000nam a22000007a 4500
005 20210515140532.0
007 cr|||| ||||
008 210515s2017 br |||||s|||| 00||0 por d
020 |a 978-85-8310-081-2 
035 |a 33353 
040 |a vLex 
090 |c 11681  |d 11681 
100 1 |a de Barros Carvalho, Paulo 
245 1 0 |a Teoria Comunicacional do Direito  |h [Recurso electrn̤ico] :  |b Dil̀ogo entre Brasil e Espanha /  |c Paulo de Barros Carvalho, Gregorio Robles, Lucas Galvô De Britto 
256 |a Servicio en ln̕ea 
260 |a San Pablo:  |b Editora Noeses,  |c 2017 
300 |a 1 recurso electrn̤ico 
500 |a Trata-se do segundo volume da coletńea de artigos de autores brasileiros e espanhi̤s, que lado a lado dialogam, como se estivessem conversando mesmo, face a face, sobre a Teoria Comunicacional do Direito e sua relaȯ̂ com o Constructivismo Lg̤ico-Semńtico, tecendo as enormes afinidades que os aproximam em termos de fundamentos filosf̤icos e sob o ponto de vista metodolg̤ico. Os temas estudados envolvem os conceitos aplicv̀eis a todas as r̀eas do direito, tais como: ordenamento, norma jurd̕ica, direitos, validade, prova, dentre outros. 
506 1 |a Disponible solo en los productos indicados  |d vLex Global  |d vLex Global (Academic Edition, excluding Law Schools)  |d vLex Global (U.S. Academic Edition, Law Schools)  |d vLex Global (U.S. Academic Edition, excluding Law Schools)  |d vLex Global (Academic Edition, Law Schools) 
650 0 4 |a Derecho Pb︢lico y Administrativo  |z Brasil 
700 1 |a Robles, Gregorio 
700 1 |a De Britto, Lucas Galvô 
740 0 |a vLex Libros (Servicio en ln̕ea) 
856 4 0 |u https://vlex.com/source/teoria-comunicacional-do-direito-dialogo-entre-brasil-e-espanha-33353  |z Acceso restringido 
942 |c BOOK 
999 0 |a Public and Administrative Law